Desarrollo de sistema web para notificación y evaluación de reacciones adversas provocadas por insumos médicos
Presenta el desarrollo del sistema web para notificación y evaluación de reacciones adversas provocadas por insumos médicos. El sistema web está enfocado en brindar apoyo al área de farmacovigilancia del MINSA de Nicaragua.
| Main Authors: | , |
|---|---|
| Other Authors: | |
| Format: | Tesis Section = Libro |
| Language: | Undetermined Spanish |
| Published: |
Managua
UNI
2016
|
| Subjects: |
| LEADER | 01239nam a2200313Ia 4500 | ||
|---|---|---|---|
| 008 | 240830s9999 xx 000 0 und d | ||
| 040 | |a BIBLIOTECA-RUSB/ Mon 005.74 A283 | ||
| 041 | |a spa | ||
| 082 | |a Mon 005.74 A283 | ||
| 100 | 1 | |a Aguilar Silva, Santiago Nicolás | |
| 100 | 1 | |b Boza Bonilla, Omar Antonio | |
| 245 | 1 | 0 | |a Desarrollo de sistema web para notificación y evaluación de reacciones adversas provocadas por insumos médicos |
| 260 | |a Managua |b UNI |c 2016 | ||
| 300 | |a 222 p. :il. | ||
| 500 | |a Contiene: manual técnico, anexos y CD. | ||
| 502 | |a Tesis (Ingeniero en Computación) - UNI, 2016. | ||
| 520 | 3 | |a Presenta el desarrollo del sistema web para notificación y evaluación de reacciones adversas provocadas por insumos médicos. El sistema web está enfocado en brindar apoyo al área de farmacovigilancia del MINSA de Nicaragua. | |
| 650 | 7 | |a DESARROLLO DE SISTEMA WEB-DISEÑO | |
| 650 | 7 | |b DESARROLLO DE SOFTWARE | |
| 650 | 7 | |c INTERFAZ-DISEÑO | |
| 650 | 7 | |d SERVICIO WEB | |
| 650 | 7 | |e SISTEMA DE INFORMACION | |
| 650 | 7 | |f SITIO WEB | |
| 650 | 7 | |g INSUMOS MEDICOS | |
| 650 | 7 | |h INTERNET | |
| 700 | 1 | |a Tutor: |b López Poveda, Anayanci | |
| 942 | |c BK |2 ddc | ||
| 991 | |a TESIS | ||
| 999 | |c 19748 | ||